000 003730000a22001450004500
005 20120302064717.0
942 _cBOOK
100 _a
_a
_b
_c
245 _a Kanva- Sanhita ( Shukla Yajurvediya )- Trutiya Khanda (Ad.21-30)_
260 _aPune: Vaidik Sanshodhan Mandal, 1999
300 _a533 p.
040 _asan
365 _bRs.144 /-
650 _aKanva / KanvaSanhita
999 _c362864
_d362861